Real Cuerpo Colegiado de Hijosdalgo de la Nobleza de Madrid (Record no. 184517)

MARC details
000 -LEADER
campo de control de longitud fija 00641nam a2200157 i 4500
001 - NÚMERO DE CONTROL
campo de control 184517
003 - IDENTIFICADOR DE NÚMERO DE CONTROL
campo de control ES-MaACL
005 - FECHA Y HORA DE LA ÚLTIMA TRANSACCIÓN
campo de control 20230906222221.0
008 - DATOS DE LONGITUD FIJA--INFORMACIÓN GENERAL
campo de control de longitud fija 151005s1948 sp |||| | spa d
100 1# - ENTRADA PRINCIPAL--NOMBRE DE PERSONA
Nombre de persona Solar y Taboada, Antonio del.
9 (RLIN) 137565
245 10 - MENCIÓN DEL TÍTULO
Título Real Cuerpo Colegiado de Hijosdalgo de la Nobleza de Madrid
Resto del título : apuntes históricos sobre sus uniformes /
Mención de responsabilidad, etc. que tomó Antonio del Solar y Taboada.
260 ## - PUBLICACIÓN, DISTRIBUCIÓN, ETC.
Lugar de publicación, distribución, etc. Badajoz :
Nombre del editor, distribuidor, etc. [s.n.],
Fecha de publicación, distribución, etc. 1948 (
Fabricante Tip. Viuda de A. Arqueros)
300 ## - DESCRIPCIÓN FÍSICA
Extensión 105 p. ;
Dimensiones 18 cm.
610 24 - PUNTO DE ACCESO ADICIONAL DE MATERIA--NOMBRE DE ENTIDAD CORPORATIVA
Nombre de entidad corporativa o nombre de jurisdicción como elemento de entrada Cuerpo Colegiado de Caballeros Hijosdalgo de la Nobleza de Madrid-
Subdivisión general Uniformes.
9 (RLIN) 157806
852 ## - LOCALIZACIÓN
Ubicación ES-MaACL
Número de control de estantería 1887-F-7
Holdings
Estatus retirado Estado de pérdida Estado de daño No para préstamo Colección Biblioteca de origen Biblioteca actual Ubicación en estantería Fecha de adquisición Fuente de adquisición Total de préstamos Signatura topográfica completa Código de barras Visto por última vez Precio de reemplazo Tipo de ítem Koha
        Colección de folletos Biblioteca del Ateneo de Madrid Biblioteca del Ateneo de Madrid Depósito folletos 05/10/2015     1887-F-7 1194215 23/02/2023 23/02/2023 Folleto